000 00514nam a2200169Ia 4500
003 GCL
008 140319s9999 xx 000 0 ara d
040 _aGCL /
_cGCL
082 0 4 _a166
_bن أ
100 1 _aنجيب الحصادى
245 1 0 _aاسس المنطق الرمزى المعاصر /
_cنجيب الحصادى
490 _aكتاب
_v0
650 0 4 _aالمنطق الرمزى والرياضى
650 0 4 _aالمنطق الصورى
650 0 4 _aالمنطق الاستدلالى
942 _2ddc
_cBK
999 _c42135
_d42135